HRT Formula one drivers - Statistics

General Stats
  • This quiz has been taken 14 times
  • The average score is 6 of 8
Answer Stats
Hint Country Answer % Correct
2011 Australia Daniel Ricciardo
100%
2010 Brasil Bruno Senna
85%
2010 India Karun Chandhok
85%
2010 Austria Christian Klien
77%
2011-2012 India Narain Karthikeyan
77%
2010 Japan Sakon Yamamoto
69%
2012 Spain Pedro de la Rosa
62%
2011 Iltaly Vitantonio Liuzzi
62%
No matching quizzes found
Score Distribution
Percent of People with Each Score
Percentile by Number Answered
Your Score History
You have not taken this quiz